[Event "Play for Durgesh Fundraiser Blitz"]
[Site "Vishy Anand Arena"]
[Date "2020.09.19"]
[Round "1"]
[White "Muralikrishna"]
[Black "SAIMANIVANNAN"]
[Result "0-1"]
[WhiteElo "1874"]
[BlackElo "1545"]
[Annotator "NA"]
[PlyCount "126"]
[EventDate "2020.09.19"]
[EventType "swiss (blitz)"]

1. e4 c5 2. d4 cxd4 3. c3 d5 4. e5 Bf5 5. cxd4 e6 6. Nc3 Nc6 7. Nf3 Bb4 8. Bd3 Nge7 9. O-O O-O 10. Bg5 Qa5 11. Ne2 h6 12. Bh4 Bxd3 13. Qxd3 Nf5 14. Bg3 Be7 15. a3 Qa6 16. Qxa6 bxa6 17. Rac1 Rfc8 18. Rc2 Na5 19. Rfc1 Rxc2 20. Rxc2 Nc4 21. Kf1 Rb8 22. b4 Nxa3 23. Ra2 Bxb4 24. Ne1 a5 25. Nd3 Nb1 26. Nec1 Nxd4 27. Bf4 Nc3 28. Ra1 Nc2 29. Nb3 Nxa1 30. Nxa1 Ba3 31. Nc2 Rb1+ 32. Nde1 Bc5 33. g3 a4 34. Kg2 a3 35. Nxa3 Bxa3 36. Nc2 Rb2 37. Nd4 Ne4 38. Be3 Bc5 39. Kf3 Bxd4 40. Bxd4 a5 41. Bxb2 a4 42. Ba3 Kh7 43. Ke3 Kg6 44. f3 Nc3 45. Kd3 Nb5 46. Bb4 Kf5 47. f4 Kg6 48. Kc2 Kf5 49. Bf8 g5 50. Bxh6 g4 51. h3 Ke4 52. hxg4 Kf3 53. g5 Kxg3 54. g6 fxg6 55. f5 exf5 56. e6 d4 57. e7 Nd6 58. Kd3 Ne8 59. Bf8 f4 60. Kxd4 f3 61. Kc3 f2 62. Kb4 f1=Q 63. Kxa4 Qb1 0-1

[Event "Play for Durgesh Fundraiser Blitz"]
[Site "Vishy Anand Arena"]
[Date "2020.09.19"]
[Round "1"]
[White "Nihelesh"]
[Black "Khs95"]
[Result "1-0"]
[WhiteElo "1866"]
[BlackElo "1620"]
[Annotator "NA"]
[PlyCount "145"]
[EventDate "2020.09.19"]
[EventType "swiss (blitz)"]

1. b3 f6 2. Bb2 Nh6 3. d4 Nf7 4. Nf3 d5 5. e3 g6 6. c4 Bg7 7. Nc3 c6 8. Be2 O-O 9. O-O Kh8 10. Rc1 Bf5 11. Re1 Na6 12. a3 Nc7 13. cxd5 cxd5 14. Nh4 Bd7 15. Nf3 Nd6 16. a4 a5 17. Ba3 Bc6 18. Bc5 Qd7 19. Bd3 e5 20. e4 dxe4 21. Nxe4 Nxe4 22. Bxe4 Bxe4 23. Rxe4 f5 24. Re1 e4 25. Ne5 Qd5 26. Bxf8 Bxe5 27. dxe5 Qxd1 28. Rexd1 Ne6 29. Be7 Kg7 30. Rd6 Nf4 31. Bf6+ Kh6 32. Rc7 b5 33. g3 Nd3 34. h4 bxa4 35. bxa4 Rb8 36. Kg2 Rb2 37. Bg5+ Kh5 38. Rxh7+ Kg4 39. Be3 Ne1+ 40. Kh1 Rb1 41. Rc6 Nc2+ 42. Kg2 Ne1+ 43. Kf1 Nd3+ 44. Ke2 Nxe5 45. Re6 Rb2+ 46. Kd1 Nc4 47. Rxg6+ Kf3 48. Rf7 Nxe3+ 49. fxe3 Kxe3 50. Rxf5 Kd3 51. Rd6+ Ke3 52. Kc1 Rg2 53. Rxa5 Rg1+ 54. Kc2 Rxg3 55. Re5 Rh3 56. h5 Rh2+ 57. Kc3 Ra2 58. a5 Ra3+ 59. Kb4 Rd3 60. Rxd3+ Kxd3 61. Rxe4 Kxe4 62. h6 Kf5 63. h7 Kg6 64. h8=Q Kf7 65. Qd8 Ke6 66. a6 Ke5 67. a7 Ke4 68. a8=Q+ Ke3 69. Qc6 Kf4 70. Qe6 Kg3 71. Qf8 Kh4 72. Qg6 Kh3 73. Qh8# 1-0

[Event "Play for Durgesh Fundraiser Blitz"]
[Site "Vishy Anand Arena"]
[Date "2020.09.19"]
[Round "1"]
[White "Apply11"]
[Black "Audi_S_Tesla"]
[Result "0-1"]
[WhiteElo "1865"]
[BlackElo "1663"]
[Annotator "NA"]
[PlyCount "100"]
[EventDate "2020.09.19"]
[EventType "swiss (blitz)"]

1. e4 e6 2. Nf3 c6 3. d4 d5 4. Bd3 dxe4 5. Bxe4 Nf6 6. Bd3 c5 7. Bg5 cxd4 8. Nxd4 Qa5+ 9. Qd2 Qxd2+ 10. Nxd2 Bd7 11. O-O-O Nc6 12. Nb5 O-O-O 13. Bxf6 gxf6 14. Ne4 Kb8 15. Nxf6 Bc8 16. a3 Be7 17. Ne4 a6 18. Nbc3 Nd4 19. Rhe1 Rhg8 20. g3 h5 21. h4 Nf3 22. Re3 Ne5 23. Be2 Rxd1+ 24. Bxd1 Ng4 25. Bxg4 Rxg4 26. Kd1 f5 27. Nd2 Bc5 28. Re2 Bd4 29. Ndb1 e5 30. Kd2 f4 31. gxf4 exf4 32. Nd1 Rxh4 33. c3 Bb6 34. Re8 Rh1 35. a4 h4 36. Rh8 h3 37. Na3 h2 38. Nc4 Bc7 39. Ke2 Ka7 40. Nd2 Bg4+ 41. f3 Bd7 42. Ne4 Bc6 43. Ndf2 Rb1 44. Rxh2 Rxb2+ 45. Kd3 Bxa4 46. Rh6 Bc2+ 47. Kd4 Bb6+ 48. Kd5 Be3 49. Rxa6+ bxa6 50. Ng4 Bb3+ 0-1

[Event "Play for Durgesh Fundraiser Blitz"]
[Site "Vishy Anand Arena"]
[Date "2020.09.19"]
[Round "1"]
[White "PRANAVAJ"]
[Black "amurali"]
[Result "1-0"]
[WhiteElo "1812"]
[BlackElo "1526"]
[Annotator "NA"]
[PlyCount "97"]
[EventDate "2020.09.19"]
[EventType "swiss (blitz)"]

1. e4 c5 2. Nc3 Nc6 3. Bb5 Nd4 4. Nf3 Nxb5 5. Nxb5 a6 6. Nc3 b5 7. O-O Bb7 8. d4 cxd4 9. Qxd4 e6 10. Bg5 Qa5 11. Rad1 Qc7 12. Ne5 f6 13. Nxd7 Rd8 14. Nxf6+ gxf6 15. Qxd8+ Qxd8 16. Rxd8+ Kxd8 17. Rd1+ Ke7 18. Bf4 e5 19. Be3 Bh6 20. Bc5+ Ke8 21. f3 Ne7 22. Rd6 Bg7 23. Rb6 Bc8 24. Rb8 Kf7 25. a4 Be6 26. Rb7 Re8 27. axb5 axb5 28. Nxb5 Bc8 29. Nd6+ Kf8 30. Ra7 Rd8 31. Nxc8 Rxc8 32. Bxe7+ Kg8 33. Bb4 Bh6 34. Kf1 Rxc2 35. Bc3 Bd2 36. Bxd2 Rxd2 37. Rb7 Rc2 38. b4 Rc1+ 39. Kf2 Rc2+ 40. Kg3 h5 41. b5 h4+ 42. Kxh4 Rxg2 43. h3 Rf2 44. Kg4 Rg2+ 45. Kf5 Rf2 46. Kxf6 Rxf3+ 47. Kxe5 Rxh3 48. Rb8+ Kh7 49. b6 1-0

[Event "Play for Durgesh Fundraiser Blitz"]
[Site "Vishy Anand Arena"]
[Date "2020.09.19"]
[Round "1"]
[White "Anandfan"]
[Black "Chessjoker11"]
[Result "1/2-1/2"]
[WhiteElo "1807"]
[BlackElo "1461"]
[Annotator "NA"]
[PlyCount "57"]
[EventDate "2020.09.19"]
[EventType "swiss (blitz)"]

1. d4 Nf6 2. Nc3 d5 3. Bg5 e6 4. e4 dxe4 5. Nxe4 Be7 6. Bxf6 Bxf6 7. Nf3 Nc6 8. c3 O-O 9. Bd3 Re8 10. O-O e5 11. dxe5 Nxe5 12. Nxe5 Bxe5 13. Qf3 Qd7 14. Rad1 Qg4 15. Qxg4 Bxg4 16. f3 Be6 17. Bb1 Rad8 18. Rfe1 Rxd1 19. Rxd1 Bf5 20. Nc5 Bxb1 21. Rxb1 b6 22. Nd3 Bf6 23. Re1 Rxe1+ 24. Nxe1 g6 25. g3 Kg7 26. Kf2 Be7 27. Nd3 f5 28. g4 fxg4 29. fxg4 1/2-1/2

[Event "Play for Durgesh Fundraiser Blitz"]
[Site "Vishy Anand Arena"]
[Date "2020.09.19"]
[Round "1"]
[White "RRaman"]
[Black "Architsaigal"]
[Result "1-0"]
[WhiteElo "1803"]
[BlackElo "1631"]
[Annotator "NA"]
[PlyCount "47"]
[EventDate "2020.09.19"]
[EventType "swiss (blitz)"]

1. d4 d5 2. e3 Nf6 3. f4 c5 4. Nf3 Nc6 5. c3 Bf5 6. Bd3 Bxd3 7. Qxd3 e6 8. Nbd2 Bd6 9. Ne5 Qc7 10. O-O O-O-O 11. a3 c4 12. Qe2 Ne4 13. Nxe4 dxe4 14. Nxc4 Be7 15. Bd2 f6 16. b4 e5 17. fxe5 fxe5 18. Be1 h5 19. dxe5 Nxe5 20. Nxe5 Qxe5 21. Bg3 Qg5 22. Qc4+ Kd7 23. Rad1+ Ke8 24. Qf7# 1-0

[Event "Play for Durgesh Fundraiser Blitz"]
[Site "Vishy Anand Arena"]
[Date "2020.09.19"]
[Round "1"]
[White "Ashutosh Agrawal"]
[Black "Ragavesh"]
[Result "0-1"]
[WhiteElo "1779"]
[BlackElo "1590"]
[Annotator "NA"]
[PlyCount "50"]
[EventDate "2020.09.19"]
[EventType "swiss (blitz)"]

1. e4 c5 2. Nf3 d6 3. d4 cxd4 4. Nxd4 Nf6 5. Nc3 g6 6. Bd3 Bg7 7. Be3 Nc6 8. Nxc6 bxc6 9. Qd2 Bd7 10. Bh6 O-O 11. Bxg7 Kxg7 12. h4 h5 13. O-O-O Rb8 14. f3 Qb6 15. b3 Be6 16. Rhg1 a5 17. g4 Qb4 18. Kb2 a4 19. Rdf1 axb3 20. axb3 c5 21. Rf2 c4 22. Be2 cxb3 23. Nd5 Qxd2 24. Nxf6 Qxc2+ 25. Ka1 Qa2# 0-1

[Event "Play for Durgesh Fundraiser Blitz"]
[Site "Vishy Anand Arena"]
[Date "2020.09.19"]
[Round "1"]
[White "Sairam Ramabadra"]
[Black "Varunrambharose"]
[Result "1-0"]
[WhiteElo "1779"]
[BlackElo "1799"]
[Annotator "NA"]
[PlyCount "141"]
[EventDate "2020.09.19"]
[EventType "swiss (blitz)"]

1. e4 c6 2. d4 d5 3. exd5 c5 4. dxc5 Nf6 5. Nc3 g6 6. Nf3 Bg7 7. Bg5 O-O 8. Be2 Nbd7 9. c6 Nb6 10. O-O Qc7 11. Nb5 Qd8 12. cxb7 Bxb7 13. d6 a6 14. dxe7 Qxe7 15. Nc3 Rfe8 16. Re1 Qc5 17. Be3 Qc7 18. Bd3 Nbd7 19. Qe2 Ng4 20. h3 Nxe3 21. fxe3 Bxc3 22. bxc3 Qxc3 23. Qd2 Qc6 24. e4 Nc5 25. e5 Rad8 26. Qh6 Nxd3 27. cxd3 Rxd3 28. Rac1 Qd5 29. Rc7 Rxf3 30. gxf3 Qxf3 31. Rxb7 Qxb7 32. h4 Qb6+ 33. Kg2 Rc8 34. Re2 Rc3 35. e6 Qc6+ 36. Kh2 fxe6 37. Qf4 Qc7 38. Qxc7 Rxc7 39. Rxe6 Kf7 40. Rxa6 Rc2+ 41. Kg3 Rc3+ 42. Kg2 Kg7 43. Ra7+ Kh6 44. a4 Rc4 45. Kg3 Rc3+ 46. Kf4 Ra3 47. a5 Ra1 48. a6 Rf1+ 49. Ke5 Ra1 50. Kd6 Ra5 51. Kc6 Rf5 52. Re7 Rf6+ 53. Kb7 Rf1 54. a7 Rb1+ 55. Kc8 Rc1+ 56. Kb8 Rb1+ 57. Rb7 Ra1 58. a8=Q Rxa8+ 59. Kxa8 Kh5 60. Rb4 h6 61. Kb7 g5 62. hxg5 hxg5 63. Kc6 g4 64. Kd5 Kh4 65. Ke4 Kh3 66. Kf4 g3 67. Rb3 Kh2 68. Rxg3 Kh1 69. Kf3 Kh2 70. Kf2 Kh1 71. Rh3# 1-0

[Event "Play for Durgesh Fundraiser Blitz"]
[Site "Vishy Anand Arena"]
[Date "2020.09.19"]
[Round "1"]
[White "Shivakrishna1990"]
[Black "Lightning McQueen"]
[Result "0-1"]
[WhiteElo "1775"]
[BlackElo "1679"]
[Annotator "NA"]
[PlyCount "108"]
[EventDate "2020.09.19"]
[EventType "swiss (blitz)"]

1. e4 e5 2. Nf3 Nf6 3. Nxe5 d6 4. Nf3 Nxe4 5. Qe2 Qe7 6. d3 Nf6 7. Nc3 Qxe2+ 8. Bxe2 c6 9. O-O Be7 10. Re1 O-O 11. Bg5 Be6 12. Nd4 c5 13. Nxe6 fxe6 14. Bf3 Nc6 15. Rxe6 Rae8 16. Rae1 Ne5 17. Bxf6 Bxf6 18. Rxe8 Rxe8 19. Bxb7 Nf3+ 20. gxf3 Rxe1+ 21. Kg2 Rc1 22. Bd5+ Kf8 23. Bb3 Bxc3 24. bxc3 Ke7 25. Kg3 Kf6 26. Kg2 h5 27. h4 g5 28. Kg3 gxh4+ 29. Kxh4 Rh1+ 30. Kg3 Kg5 31. f4+ Kf5 32. Kf3 h4 33. d4 cxd4 34. cxd4 Rg1 35. c3 h3 36. Bc2+ Kf6 37. Be4 h2 38. Ke2 h1=Q 39. Bxh1 Rxh1 40. Ke3 Ra1 41. Kd3 Rxa2 42. Kc4 Rxf2 43. Kd5 Rxf4 44. Kxd6 Rf3 45. c4 Rc3 46. c5 a5 47. c6 a4 48. d5 a3 49. Kd7 a2 50. d6 a1=Q 51. c7 Qa7 52. Kd8 Rd3 53. c8=Q Rxd6+ 54. Ke8 Qe7# 0-1

[Event "Play for Durgesh Fundraiser Blitz"]
[Site "Vishy Anand Arena"]
[Date "2020.09.19"]
[Round "1"]
[White "Uddipanroy"]
[Black "EvilGenius_04"]
[Result "0-1"]
[WhiteElo "1754"]
[BlackElo "1964"]
[Annotator "NA"]
[PlyCount "172"]
[EventDate "2020.09.19"]
[EventType "swiss (blitz)"]

1. e4 e6 2. d4 d5 3. exd5 exd5 4. Bd3 Nf6 5. Nf3 Bd6 6. O-O O-O 7. Bg5 h6 8. Bh4 Bg4 9. Bg3 c6 10. c3 Re8 11. Nbd2 Qc7 12. Qc2 Nbd7 13. Rae1 b5 14. a3 a5 15. Bf5 Bxg3 16. hxg3 Qd6 17. Nh2 Be2 18. Nhf3 Bxf1 19. Rxf1 Re7 20. a4 b4 21. c4 Rae8 22. c5 Qc7 23. b3 Re2 24. Bd3 R2e7 25. Bf5 Ne4 26. Nxe4 dxe4 27. Ne1 Nf6 28. Qc4 e3 29. f4 Nd5 30. Nf3 e2 31. Re1 Ne3 32. Qd3 Nxf5 33. Qxf5 f6 34. Kf2 Qd8 35. Qc2 Qd5 36. Qd2 Qe4 37. Ng1 Qe3+ 38. Qxe3 Rxe3 39. Rxe2 Rxe2+ 40. Nxe2 Kf7 41. Kf3 f5 42. Nc1 Re4 43. Ne2 Ke6 44. Kf2 Kd5 45. Kf3 g6 46. Kf2 Rxe2+ 47. Kxe2 Kxd4 48. Kf3 h5 49. g4 hxg4+ 50. Kg3 Kxc5 51. Kh4 Kd4 52. Kg5 Kc3 53. Kxg6 Kxb3 54. Kxf5 c5 55. Kxg4 c4 56. f5 c3 57. f6 c2 58. f7 c1=Q 59. f8=Q Qd1+ 60. Kg3 Qd3+ 61. Kh2 Qc3 62. g4 Qe5+ 63. Kh3 Qe3+ 64. Kh4 Qe1+ 65. Kh5 Qe5+ 66. g5 Kxa4 67. Qf1 Qh2+ 68. Kg6 Qd6+ 69. Qf6 Qxf6+ 70. gxf6 b3 71. f7 b2 72. f8=Q b1=Q+ 73. Kg5 Qg1+ 74. Kh4 Qh2+ 75. Kg4 Kb3 76. Qf3+ Kb4 77. Qf4+ Qxf4+ 78. Kxf4 a4 79. Ke3 a3 80. Kd2 Kb3 81. Kc1 a2 82. Kd2 a1=Q 83. Kd3 Qb2 84. Ke3 Qc3+ 85. Kf4 Kc4 86. Kf5 Qe1 0-1

[Event "Play for Durgesh Fundraiser Blitz"]
[Site "Vishy Anand Arena"]
[Date "2020.09.19"]
[Round "1"]
[White "Sathvik_adiga11"]
[Black "Niru_g"]
[Result "1-0"]
[WhiteElo "1749"]
[BlackElo "1620"]
[Annotator "NA"]
[PlyCount "65"]
[EventDate "2020.09.19"]
[EventType "swiss (blitz)"]

1. e4 c6 2. d4 d5 3. Nc3 dxe4 4. Nxe4 Bf5 5. Ng3 Bg6 6. h4 h6 7. Nf3 Nd7 8. h5 Bh7 9. Bd3 Bxd3 10. Qxd3 Ngf6 11. Bd2 e6 12. O-O-O Bd6 13. Rde1 O-O 14. Ne4 Nxe4 15. Qxe4 Nf6 16. Qe2 Qc7 17. g4 Bf4 18. Rhg1 a5 19. g5 hxg5 20. Nxg5 Bxd2+ 21. Qxd2 Nh7 22. Ne4 Kh8 23. Rg3 f5 24. Ng5 Nxg5 25. Qxg5 f4 26. Rg4 Rf5 27. Qg6 f3 28. h6 gxh6 29. Rh1 h5 30. Rxh5+ Rxh5 31. Qxh5+ Qh7 32. Qe5+ Qg7 33. Qxg7# 1-0

[Event "Play for Durgesh Fundraiser Blitz"]
[Site "Vishy Anand Arena"]
[Date "2020.09.19"]
[Round "1"]
[White "Vaca100"]
[Black "Kingofall"]
[Result "0-1"]
[WhiteElo "1741"]
[BlackElo "1926"]
[Annotator "NA"]
[PlyCount "110"]
[EventDate "2020.09.19"]
[EventType "swiss (blitz)"]

1. e4 e5 2. Nf3 Nc6 3. d4 exd4 4. Nxd4 Nf6 5. Nxc6 bxc6 6. Nc3 Bb4 7. Bg5 O-O 8. Bd3 h6 9. Bh4 g5 10. Bg3 d5 11. O-O Bxc3 12. bxc3 Nxe4 13. Bxe4 dxe4 14. Qh5 Qf6 15. Rfe1 Bf5 16. Re3 Rab8 17. Rf1 Kh7 18. Qe2 Rb2 19. f3 Qg6 20. fxe4 Be6 21. Be5 Rfb8 22. Bd4 Rb1 23. Ref3 Rxf1+ 24. Rxf1 Bxa2 25. Rf6 Rb1+ 26. Kf2 Qg7 27. e5 Be6 28. Qe4+ Kh8 29. Qf3 Rb2 30. Qd3 Qh7 31. Qg6 Qxg6 32. Rxg6 fxg6 33. Ke3 Rxc2 34. Kd3 Rxg2 35. Ke3 a5 36. Bc5 a4 37. Ba3 Rg4 38. Kd3 Rc4 39. Kc2 Kg8 40. Kb2 Kf7 41. Kc2 Bd5 42. Kb2 Ke6 43. Kc2 Re4 44. Kb2 Re2+ 45. Kc1 Rxe5 46. Kb2 Bc4 47. Kc1 Rb5 48. Kd2 Rb3 49. Ke3 Rxa3 50. Kd4 Rb3 51. Kxc4 Rb5 52. Kd3 a3 53. Ke3 a2 54. Kd4 a1=Q 55. Ke3 Rd5 0-1

[Event "Play for Durgesh Fundraiser Blitz"]
[Site "Vishy Anand Arena"]
[Date "2020.09.19"]
[Round "1"]
[White "Aagam aditya e"]
[Black "Harry Grieve"]
[Result "0-1"]
[WhiteElo "1736"]
[BlackElo "2018"]
[Annotator "NA"]
[PlyCount "62"]
[EventDate "2020.09.19"]
[EventType "swiss (blitz)"]

1. e4 c5 2. Nf3 e6 3. c3 Nf6 4. e5 Nd5 5. d4 cxd4 6. cxd4 d6 7. Bd3 Nb4 8. Qa4+ N8c6 9. Bb5 Bd7 10. O-O dxe5 11. Nxe5 Nxe5 12. dxe5 a6 13. Bxd7+ Qxd7 14. Qb3 Qd5 15. Qxd5 Nxd5 16. Nd2 Bc5 17. Ne4 Be7 18. Bg5 Bxg5 19. Nxg5 Ke7 20. Ne4 Rhc8 21. Rac1 Nf4 22. Kh1 Nd3 23. Rcd1 Nxe5 24. Nd6 Rc2 25. f4 Ng4 26. Rb1 Kxd6 27. h3 Ne3 28. Rg1 Ke7 29. g4 Rd8 30. Rg3 Nd1 31. b4 Rdd2 0-1

[Event "Play for Durgesh Fundraiser Blitz"]
[Site "Vishy Anand Arena"]
[Date "2020.09.19"]
[Round "1"]
[White "Scorpion29"]
[Black "Santy18389"]
[Result "1-0"]
[WhiteElo "1733"]
[BlackElo "1739"]
[Annotator "NA"]
[PlyCount "71"]
[EventDate "2020.09.19"]
[EventType "swiss (blitz)"]

1. e4 e5 2. Nf3 Nf6 3. Nxe5 Nc6 4. Nxc6 dxc6 5. Nc3 Bc5 6. Be2 h5 7. d3 Qd6 8. f4 Ng4 9. Bxg4 Bxg4 10. Ne2 O-O-O 11. h3 Bxe2 12. Qxe2 g5 13. Rf1 f6 14. Bd2 g4 15. O-O-O Qe6 16. Kb1 gxh3 17. gxh3 Qxh3 18. Rf3 Qg4 19. Rdf1 h4 20. Qh2 Bd6 21. e5 fxe5 22. fxe5 Bc5 23. c3 Qg6 24. Qh3+ Kb8 25. Kc1 Rhg8 26. d4 Be7 27. Be1 Bg5+ 28. Bd2 Bxd2+ 29. Kxd2 Qg5+ 30. Kc2 c5 31. Rh1 cxd4 32. cxd4 Rxd4 33. Qe6 Qd2+ 34. Kb1 Rgd8 35. Qb3 Qe2 36. Rff1 1-0

[Event "Play for Durgesh Fundraiser Blitz"]
[Site "Vishy Anand Arena"]
[Date "2020.09.19"]
[Round "1"]
[White "Mightyqueen"]
[Black "LegendBoy6"]
[Result "1-0"]
[WhiteElo "1725"]
[BlackElo "1620"]
[Annotator "NA"]
[PlyCount "69"]
[EventDate "2020.09.19"]
[EventType "swiss (blitz)"]

1. d4 Nf6 2. Bf4 d5 3. e3 Nc6 4. Nf3 Bf5 5. c4 e6 6. Nbd2 Bb4 7. a3 Bxd2+ 8. Nxd2 O-O 9. Qb3 dxc4 10. Nxc4 Nd5 11. Qxb7 Nxd4 12. exd4 Nxf4 13. Rd1 Nd5 14. Ne5 Rb8 15. Qa6 Qd6 16. Qxd6 cxd6 17. Nc4 Rfd8 18. Be2 Nb6 19. Na5 Rdc8 20. O-O d5 21. Rc1 Rxc1 22. Rxc1 Rc8 23. Rxc8+ Nxc8 24. Nc6 Be4 25. f3 Bf5 26. Ba6 Nb6 27. Nxa7 Nc4 28. Bxc4 dxc4 29. Nb5 Bd3 30. Nc3 f6 31. a4 e5 32. dxe5 fxe5 33. a5 Bf5 34. a6 Bc8 35. a7 1-0

[Event "Play for Durgesh Fundraiser Blitz"]
[Site "Vishy Anand Arena"]
[Date "2020.09.19"]
[Round "1"]
[White "Hrishikeshrr"]
[Black "srujankeerthan2005"]
[Result "0-1"]
[WhiteElo "1703"]
[BlackElo "1620"]
[Annotator "NA"]
[PlyCount "130"]
[EventDate "2020.09.19"]
[EventType "swiss (blitz)"]

1. Nf3 Nf6 2. g3 d5 3. Bg2 e6 4. O-O Be7 5. c3 c5 6. d4 O-O 7. Nbd2 Ne4 8. Nxe4 dxe4 9. Nd2 f5 10. dxc5 Bxc5 11. Nb3 Be7 12. Be3 Nc6 13. Nd4 Bd7 14. Nxc6 Bxc6 15. Qxd8 Raxd8 16. Rfd1 a6 17. Bd4 Rd7 18. Be5 Rfd8 19. Rxd7 Rxd7 20. Bf4 b5 21. Kf1 b4 22. c4 Bf6 23. Rb1 a5 24. Ke1 Ba4 25. b3 Bc3+ 26. Kf1 Bc6 27. Be3 a4 28. bxa4 Bxa4 29. g4 Rc7 30. c5 Be5 31. f4 exf3 32. Bxf3 Bc3 33. gxf5 Bc2 34. Rc1 Bxf5 35. c6 e5 36. Bb6 Rc8 37. c7 e4 38. Bg2 Rf8 39. Kg1 Re8 40. Rd1 Bc8 41. Rd8 Kf7 42. Rxe8 Kxe8 43. Bxe4 h6 44. Bg6+ Ke7 45. Kf2 Kd6 46. Be4 Be5 47. h4 Bf6 48. Kg3 Be5+ 49. Kf2 g5 50. hxg5 hxg5 51. Bf3 g4 52. Bg2 g3+ 53. Kf1 Bf4 54. e3 Be5 55. e4 Be6 56. Ke2 Kc6 57. Be3 Kxc7 58. Kf3 Bxa2 59. Bf4 Bxf4 60. Kxf4 b3 61. Bf1 g2 62. Bxg2 b2 63. Kf5 b1=Q 64. Kf6 Qc1 65. e5 Qc3 0-1

[Event "Play for Durgesh Fundraiser Blitz"]
[Site "Vishy Anand Arena"]
[Date "2020.09.19"]
[Round "1"]
[White "Arunava"]
[Black "DrVykterstein"]
[Result "1-0"]
[WhiteElo "1699"]
[BlackElo "1620"]
[Annotator "NA"]
[PlyCount "67"]
[EventDate "2020.09.19"]
[EventType "swiss (blitz)"]

1. d4 Nf6 2. c4 g6 3. Nc3 Bg7 4. e4 d6 5. Nf3 O-O 6. Be2 e5 7. O-O Nc6 8. d5 Ne7 9. Ne1 Ne8 10. Be3 f5 11. f3 f4 12. Bf2 g5 13. c5 Ng6 14. Nd3 Rf7 15. Rc1 Bf8 16. a4 Rg7 17. cxd6 Bxd6 18. Nb5 h5 19. Nxd6 cxd6 20. h3 Nh4 21. Bxh4 gxh4 22. Kh1 Qg5 23. Rg1 Qg3 24. Qe1 Qg5 25. Nf2 Qg3 26. Nd3 Qg5 27. Nf2 Qe7 28. Qb4 Bd7 29. Qxb7 Rd8 30. Qxa7 Qg5 31. Rcf1 Qg3 32. a5 Rc8 33. b4 Ba4 34. Qa6 1-0

[Event "Play for Durgesh Fundraiser Blitz"]
[Site "Vishy Anand Arena"]
[Date "2020.09.19"]
[Round "1"]
[White "Rahulyadav"]
[Black "Stuti_Bhatt"]
[Result "1-0"]
[WhiteElo "1686"]
[BlackElo "1425"]
[Annotator "NA"]
[PlyCount "113"]
[EventDate "2020.09.19"]
[EventType "swiss (blitz)"]

1. d4 d5 2. Bf4 Nc6 3. e3 Nf6 4. c3 e6 5. Bd3 Bd6 6. Bg3 Bxg3 7. hxg3 e5 8. dxe5 Nxe5 9. Bc2 Nc6 10. Nf3 Qe7 11. Nbd2 Qd8 12. O-O Bg4 13. Re1 Bxf3 14. Nxf3 O-O 15. Nd4 Nxd4 16. exd4 Re8 17. Qf3 Qd7 18. Bd3 Re7 19. Rxe7 Qxe7 20. Kf1 Re8 21. Qf5 Qe6 22. Qxe6 Rxe6 23. f3 Rc6 24. Kf2 Re6 25. Bf5 Re8 26. g4 g6 27. Bd3 Rc8 28. g5 Ne8 29. Re1 b6 30. Re7 c5 31. dxc5 bxc5 32. Rxa7 c4 33. Bc2 Nd6 34. g4 Nb5 35. Ra5 Rb8 36. Ke3 Nd6 37. Rxd5 Rxb2 38. Rxd6 Rxc2 39. Kd4 Rd2+ 40. Kc5 Rxa2 41. Kxc4 Ra4+ 42. Kd3 Ra3 43. Rd7 Kg7 44. Kd4 Ra4+ 45. c4 Ra3 46. c5 Ra1 47. c6 Rd1+ 48. Kc5 Rc1+ 49. Kb6 Rb1+ 50. Kc7 Rf1 51. Rd3 Ra1 52. Kc8 Ra7 53. c7 Ra8+ 54. Kd7 Ra7 55. Kc6 Ra6+ 56. Kb7 Ra2 57. c8=Q 1-0

[Event "Play for Durgesh Fundraiser Blitz"]
[Site "Vishy Anand Arena"]
[Date "2020.09.19"]
[Round "1"]
[White "Sohammdh"]
[Black "NJ2004"]
[Result "1-0"]
[WhiteElo "1684"]
[BlackElo "1636"]
[Annotator "NA"]
[PlyCount "87"]
[EventDate "2020.09.19"]
[EventType "swiss (blitz)"]

1. e4 c6 2. d4 d5 3. e5 c5 4. c3 Nc6 5. Nf3 Bg4 6. Be2 e6 7. O-O Nge7 8. h3 Bxf3 9. Bxf3 Nf5 10. Be3 cxd4 11. cxd4 Qb6 12. Qb3 Be7 13. Qxb6 axb6 14. Rd1 Nb4 15. Na3 Nxe3 16. fxe3 Bg5 17. Kf2 Kd7 18. Be2 Rhc8 19. Bb5+ Ke7 20. Rdc1 h5 21. g3 h4 22. gxh4 Bxh4+ 23. Kf3 Bg5 24. Rg1 f6 25. exf6+ gxf6 26. h4 Bxh4 27. Rg7+ Kd6 28. Rxb7 Rc7 29. Rxb6+ Ke7 30. Rh1 Rh8 31. Kg4 f5+ 32. Kf3 Kf6 33. Be2 Nc6 34. Nb5 Rcc8 35. Nd6 Rc7 36. Bb5 Nb4 37. Ne8+ Rxe8 38. Bxe8 Nxa2 39. Rxh4 Kg5 40. Rh5+ Kf6 41. Rh6+ Ke7 42. Rhxe6+ Kf8 43. Bh5 Rg7 44. Re8# 1-0

[Event "Play for Durgesh Fundraiser Blitz"]
[Site "Vishy Anand Arena"]
[Date "2020.09.19"]
[Round "1"]
[White "Rosh161011"]
[Black "Neevptl"]
[Result "0-1"]
[WhiteElo "1683"]
[BlackElo "1954"]
[Annotator "NA"]
[PlyCount "62"]
[EventDate "2020.09.19"]
[EventType "swiss (blitz)"]

1. e4 c5 2. Nf3 Nc6 3. d4 cxd4 4. Nxd4 g6 5. Nc3 Bg7 6. Be3 Nf6 7. Qd2 O-O 8. f3 d5 9. exd5 Nxd5 10. Nxc6 bxc6 11. Nxd5 cxd5 12. c3 e5 13. Bd3 Bb7 14. O-O Re8 15. Rad1 Qa5 16. b4 Qc7 17. Bb5 Red8 18. Bg5 f6 19. Bh4 a6 20. Ba4 a5 21. bxa5 Qxa5 22. Bb3 Kh8 23. f4 Rd7 24. fxe5 fxe5 25. Rf3 Rc8 26. Rh3 d4 27. Qd3 e4 28. Qd2 Rxc3 29. Rxc3 Qxc3 30. Qxc3 dxc3 31. Rxd7 Bd4+ 0-1

[Event "Play for Durgesh Fundraiser Blitz"]
[Site "Vishy Anand Arena"]
[Date "2020.09.19"]
[Round "1"]
[White "Dev11"]
[Black "Furace"]
[Result "1-0"]
[WhiteElo "1664"]
[BlackElo "1989"]
[Annotator "NA"]
[PlyCount "145"]
[EventDate "2020.09.19"]
[EventType "swiss (blitz)"]

1. e4 c5 2. c3 d6 3. Nf3 g6 4. d4 cxd4 5. cxd4 Bg7 6. Nc3 Nc6 7. Be3 Bg4 8. Be2 Qb6 9. Nd5 Qa5+ 10. Bd2 Qd8 11. Be3 e6 12. Nc3 Qb6 13. O-O Bxf3 14. Bxf3 Nxd4 15. Bxd4 Qxd4 16. Qxd4 Bxd4 17. Nb5 Bb6 18. Nxd6+ Ke7 19. Nc4 Rc8 20. Nxb6 axb6 21. Rac1 Nh6 22. h3 e5 23. Kh2 f6 24. Rfd1 Nf7 25. Bg4 Rxc1 26. Rxc1 Kd6 27. Rd1+ Kc6 28. Bd7+ Kc7 29. Ba4 Nd6 30. f3 Ra8 31. Rc1+ Kd8 32. Bb3 Rc8 33. Rd1 Ke7 34. Rd5 Rc5 35. Rd2 Nc4 36. Bxc4 Rxc4 37. Rd5 Rc5 38. Rd3 Rb5 39. b3 Ra5 40. a4 Rb5 41. axb5 Ke6 42. Rc3 Kd6 43. Rc8 f5 44. Rh8 fxe4 45. fxe4 h5 46. Rh7 Kc5 47. Rxb7 Kxb5 48. Rg7 g5 49. Rg6 h4 50. Rxg5 Kb4 51. Rg4 Kxb3 52. Rxh4 b5 53. Rh5 b4 54. Rxe5 Kc3 55. Re8 b3 56. Rc8+ Kd4 57. Rb8 Kc3 58. Rxb3+ Kxb3 59. e5 Kc4 60. e6 Kd5 61. e7 Kd6 62. e8=Q Kc5 63. g4 Kd4 64. g5 Kc4 65. g6 Kd5 66. g7 Kc5 67. g8=Q Kd4 68. Qg5 Kc4 69. Qee5 Kd3 70. Qgf4 Kc2 71. Qee3 Kb2 72. Qff2+ Kb1 73. Qee1# 1-0

[Event "Play for Durgesh Fundraiser Blitz"]
[Site "Vishy Anand Arena"]
[Date "2020.09.19"]
[Round "1"]
[White "Sushruthareddy"]
[Black "Deer"]
[Result "0-1"]
[WhiteElo "1661"]
[BlackElo "1620"]
[Annotator "NA"]
[PlyCount "52"]
[EventDate "2020.09.19"]
[EventType "swiss (blitz)"]

1. e4 c5 2. Nf3 d6 3. Bb5+ Nd7 4. O-O a6 5. Bxd7+ Bxd7 6. c3 Nf6 7. Re1 g6 8. d4 cxd4 9. cxd4 Bg7 10. Nc3 O-O 11. h3 Rc8 12. Be3 b5 13. a3 Bc6 14. Bg5 a5 15. b4 Bd7 16. Rc1 axb4 17. axb4 Rc4 18. Qb3 Ne8 19. Red1 Nc7 20. Be3 Na6 21. Qc2 Nxb4 22. Qb3 Nc6 23. Nd2 Na5 24. Qb2 Rc8 25. Nxb5 Rb8 26. Rb1 Rxb5 0-1